[Event "Senta op 22nd"]
[Site "Senta"]
[Date "2018.07.14"]
[Round "1"]
[White "Mitev, Valentin"]
[Black "Tapai, Djerdj"]
[Result "1-0"]
[WhiteElo "2242"]
[BlackElo "1886"]
[PlyCount "49"]
[EventDate "2018.07.14"]
[EventType "swiss"]
[EventRounds "9"]
[EventCountry "SRB"]
[SourceTitle "CBM 185 Extra"]
[Source "ChessBase"]
[SourceDate "2018.07.29"]
[SourceVersion "1"]
[SourceVersionDate "2018.07.29"]
[SourceQuality "1"]

1. d4 e6 2. Nf3 d5 3. c4 c6 4. cxd5 exd5 5. Nc3 Bf5 6. Bf4 Bd6 7. Bxd6 Qxd6 8. Qb3 Qe7 9. e3 Nf6 10. Be2 0-0 11. 0-0 Re8 12. Rac1 a5 13. a3 Bc8 14. Ne5 Nbd7 15. Nd3 Ne4 16. Nxe4 dxe4 17. Nc5 Nxc5 18. Rxc5 Be6 19. Bc4 a4 20. Qc2 Qd8 21. Rd1 Ra5 22. Rxa5 Qxa5 23. Qxe4 Qb6 24. Bxe6 Qxb2 25. Qb1 1-0

[Event "Senta op 20th"]
[Site "Senta"]
[Date "2016.07.28"]
[Round "8"]
[White "Tapai, Djerdj"]
[Black "Vukasinovic, Dragan"]
[Result "0-1"]
[WhiteElo "1838"]
[BlackElo "2097"]
[PlyCount "98"]
[EventDate "2016.07.22"]
[EventType "swiss"]
[EventRounds "9"]
[EventCountry "SRB"]
[SourceTitle "EXT 2017"]
[Source "ChessBase"]
[SourceDate "2016.10.25"]
[SourceVersion "1"]
[SourceVersionDate "2016.10.25"]
[SourceQuality "1"]

1. d4 Nf6 2. c4 c5 3. e3 cxd4 4. exd4 d5 5. h3 Nc6 6. Nf3 Bf5 7. a3 e6 8. Nc3 Rc8 9. cxd5 Nxd5 10. Nxd5 Qxd5 11. Be2 Be7 12. Qa4 0-0 13. Bd2 e5 14. dxe5 Nxe5 15. Nxe5 Qxe5 16. Qb5 Rc5 17. Qb3 Rd8 18. Bc3 Qe4 19. 0-0 Bxh3 20. Bf3 Qg6 21. Qxb7 Bf6 22. Rad1 Rdc8 23. Bxf6 gxf6 24. Kh2 Bg4 25. Rd4 Rh5+ 26. Kg1 Bxf3 27. Qxf3 Rg5 28. Rfd1 a5 29. g3 h5 30. Rf4 Kg7 31. Rd6 Rc1+ 32. Kh2 h4 33. Rxh4 Rf5 34. Qe2 Re5 35. Qf3 Rf5 36. Qe3 Rc2 37. Rd2 Rcc5 38. Qe8 Rh5 39. Rdd4 Rcf5 40. Qe2 Re5 41. Qd2 Ref5 42. Kg2 Rhg5 43. Qd1 Rb5 44. Qd2 Qb1 45. Rhg4 Qg6 46. Rxg5 fxg5 47. Qc3 Qf6 48. Qd2 Rf5 49. Rd5 Qc6 0-1

[Event "Senta op 20th"]
[Site "Senta"]
[Date "2016.07.25"]
[Round "5"]
[White "Korponai, Akos"]
[Black "Tapai, Djerdj"]
[Result "1-0"]
[WhiteElo "2219"]
[BlackElo "1838"]
[PlyCount "120"]
[EventDate "2016.07.22"]
[EventType "swiss"]
[EventRounds "9"]
[EventCountry "SRB"]
[SourceTitle "EXT 2017"]
[Source "ChessBase"]
[SourceDate "2016.10.25"]
[SourceVersion "1"]
[SourceVersionDate "2016.10.25"]
[SourceQuality "1"]

1. d4 e6 2. Nf3 d5 3. g3 Nf6 4. Bg2 c5 5. 0-0 b6 6. c4 Bb7 7. cxd5 exd5 8. Nc3 h6 9. Ne5 Nbd7 10. Qa4 Be7 11. Nc6 Bxc6 12. Qxc6 cxd4 13. Nxd5 Nxd5 14. Qxd5 Rc8 15. Qxd4 0-0 16. Qa4 a5 17. Bf4 Nc5 18. Qb5 Bg5 19. Rad1 Qe8 20. Qxe8 Rfxe8 21. Bxg5 hxg5 22. Rd2 Rcd8 23. Rfd1 Rxd2 24. Rxd2 Kf8 25. e3 Ke7 26. Kf1 Rd8 27. Rxd8 Kxd8 28. Bd5 Ke7 29. b3 Nd3 30. a4 f6 31. Ke2 Nc5 32. h3 Kd6 33. Bc4 Ne4 34. g4 Kc5 35. f3 Nc3+ 36. Kd3 Nd1 37. Ke4 Kd6 38. Kd3 Nb2+ 39. Kc2 Nxc4 40. bxc4 Ke5 41. Kc3 g6 42. Kd3 Ke6 43. Kd4 Kd6 44. f4 gxf4 45. exf4 g5 46. f5 Kc6 47. Ke4 Kc5 48. h4 gxh4 49. Kf3 Kxc4 50. g5 fxg5 51. f6 Kb4 52. f7 Kxa4 53. f8Q b5 54. Ke3 b4 55. Kd3 Kb3 56. Qg8+ Kb2 57. Qxg5 a4 58. Qg2+ Ka3 59. Kc2 Ka2 60. Kc1+ Kb3 1-0